| 000 | 00730nam a22001817a 4500 | ||
|---|---|---|---|
| 003 | NUST | ||
| 005 | 20260121154117.0 | ||
| 082 | _a621.382,MEH | ||
| 100 |
_aMehmood, Khawar _9132866 |
||
| 245 |
_aGUI based energy monitoring system / _cKhawar Mehmood, Farhan Ullah, Nauman Khan and Shabbir Manan (TCC-27 / TE-52) |
||
| 260 |
_aRawalpindi _bMCS (NUST) _cJune, 2019 |
||
| 300 | _avii, 62p.; | ||
| 505 | _aIntroduction (Page-1), Literature Review (Page-6), Motors (Page-9), Graphical User Interface (Page-18), Design and Implementation (Page-27), Conclusion (Page-40), Codes (Page-42). | ||
| 650 |
_aUG Project _9131132 |
||
| 651 |
_aTCC-27 / TE-52 _9132852 |
||
| 700 |
_aSupervised by Dr. Zeeshan Zahid _9132704 |
||
| 942 |
_2ddc _cPR |
||
| 999 |
_c615885 _d615885 |
||